|
|
|
|
| LEADER |
02090cas a2200325 a 4500 |
| 001 |
AALejournalIMF022999 |
| 008 |
230101c9999 xx r poo 0 0eng d |
| 020 |
|
|
|c 5.00 USD
|
| 020 |
|
|
|z 9798400216428
|
| 022 |
|
|
|a 2789-0600
|
| 040 |
|
|
|a BD-DhAAL
|c BD-DhAAL
|
| 100 |
1 |
|
|a Prasad, Ananthakrishnan.
|
| 245 |
1 |
0 |
|a Mobilizing Private Climate Financing in Emerging Market and Developing Economies /
|c Ananthakrishnan Prasad, Elena Loukoianova, Alan Xiaochen Feng, William Oman.
|
| 264 |
|
1 |
|a Washington, D.C. :
|b International Monetary Fund,
|c 2022.
|
| 300 |
|
|
|a 1 online resource (41 pages)
|
| 490 |
1 |
|
|a Staff Climate Notes
|
| 500 |
|
|
|a <strong>Off-Campus Access:</strong> No User ID or Password Required
|
| 500 |
|
|
|a <strong>On-Campus Access:</strong> No User ID or Password Required
|
| 506 |
|
|
|a Electronic access restricted to authorized BRAC University faculty, staff and students
|
| 520 |
3 |
|
|a Global investment to achieve the Paris Agreement's temperature and adaptation goals requires immediate actions-first and foremost-on climate policies. Policies should be accompanied by commensurate financing flows to close the large financing gap globally, and in emerging market and developing economies (EMDEs) in particular. This note discusses potential ways to mobilize domestic and foreign private sector capital in climate finance, as a complement to climate-related policies, by mitigating relevant risks and constraints through public-private partnerships involving multilateral, regional, and national development banks. It also overviews the role the IMF can play in the process.
|
| 538 |
|
|
|a Mode of access: Internet
|
| 650 |
|
7 |
|a Foreign Exchange
|2 imf
|
| 650 |
|
7 |
|a Informal Economy
|2 imf
|
| 650 |
|
7 |
|a Policy Objectives
|2 imf
|
| 650 |
|
7 |
|a Underground Econom
|2 imf
|
| 700 |
1 |
|
|a Loukoianova, Elena.
|
| 700 |
1 |
|
|a Oman, William.
|
| 700 |
1 |
|
|a Xiaochen Feng, Alan.
|
| 830 |
|
0 |
|a Staff Climate Notes; Staff Climate Note ;
|v No 2022/007
|
| 856 |
4 |
0 |
|z Full text available on IMF
|u https://elibrary.imf.org/openurl?genre=journal&issn=2789-0600&volume=2022&issue=007
|z IMF e-Library
|